Improving the Quality of Technology
Úvod do systému manažérstva kvality. Národný program kvality v Slovenskej republike. Systém manažérstva kvality, ISO 9001:9008. Kvalita vzdelávacieho procesu. Štatistické technológie pri hodnotení kvality vzdelávania. Monitoring a merania. Model CAF - koncepcia a význam. Informačné technológie vo vz...
Guardado en:
| Autor principal: | |
|---|---|
| Otros Autores: | |
| Formato: | Capítulo de libro |
| Lenguaje: | inglés ruso |
| Materias: | |
| Etiquetas: |
Sin Etiquetas, Sea el primero en etiquetar este registro!
|
MARC
| LEADER | 00000naa$a2200000$$$4500 | ||
|---|---|---|---|
| 001 | 0231212 | ||
| 005 | 20240502073802.6 | ||
| 041 | 0 | |a eng | |
| 041 | 0 | |a rus | |
| 044 | |a SK | ||
| 245 | 1 | 0 | |a Improving the Quality of Technology |c J. Kultan, P. Poljovka |
| 520 | |a Úvod do systému manažérstva kvality. Národný program kvality v Slovenskej republike. Systém manažérstva kvality, ISO 9001:9008. Kvalita vzdelávacieho procesu. Štatistické technológie pri hodnotení kvality vzdelávania. Monitoring a merania. Model CAF - koncepcia a význam. Informačné technológie vo vzdelávaní. | ||
| 610 | 2 | 0 | |a riadenie kvality |
| 610 | 2 | 0 | |a normy ISO |
| 610 | 2 | 0 | |a normy kvality |
| 610 | 2 | 0 | |a vzdelávanie |
| 610 | 2 | 0 | |a technológie informačné |
| 610 | 2 | 0 | |a technológie komunikačné |
| 100 | 1 | |a Kultan, Jaroslav, 1960- | |
| 700 | 1 | |a Poljovka, Peter | |